00474nam a22001577a 450000500170000000800410001702000150005804100130007308200140008610000290010024500630012925000190019226000490021130000310026065000250029120231106142754.0231106b |||||||| |||| 00| 0 eng d a0702104965 aEnglish  a346.5 FAI aFairbairn, WJ lEnglish  aHandbook for Executors and Administrators / cWJ Fairbairn aThird Edition  aCape Town : bJuta and Company Limitedc1974 bxix, 458 pages ; c26 cm.  aLegal practice bLaw